Materiales de fundición

Enregistré dans:
Détails bibliographiques
Auteur principal: Ramos Carmona, Jorge
Autres auteurs: Esquivel Peña, Guillermo
Format: Inconnue
Publié: San José, Costa Rica 1977
Tags: Ajouter un tag
Pas de tags, Soyez le premier à ajouter un tag!

MARC

LEADER 00000 a2200000 4500
003 011059
005 20221231143804.0
008 140114s1977 c a m 000 ||s d
040 |c cru CEDI 
090 |a TFG 100-77 
100 |a Ramos Carmona, Jorge  |9 17231 
245 |a Materiales de fundición 
260 |c 1977  |a San José, Costa Rica 
300 |a 80 hojas ;ilustraicones  
500 |a A la cabeza de la portada. Universidad de Costa Rica. Facultad de Ingeniería. Escuela de Ingeniería Mecánica 
700 |9 17232  |a Esquivel Peña, Guillermo  
942 |c TFG 
999 |c 11992  |d 11992